000 00741nas a2200241 4500
001 BR7801674
003 BR-BrBNA
005 20231205083406.0
007 ta
008 230509b bl.|||p| |||| 00| 00por d
040 _aBR-BrBNA
_bpor
_cBiblioteca Nacional de Agricultura
041 _a(Pt)
072 _aL74; L00
100 1 _aJordao, L.P. (ed.)
245 1 _aA hipertrofia muscular hereditaria na producao de carne [Disturbio animal; Producao animal]
650 _aDisturbio animal
650 _aProducao animal
650 _aCarne
650 _aMusculo
773 0 _tRevista dos Criadores (Brazil)
_xISSN 0034-9259
_g(Apr 1977), v. 47(567) p. 33-34
_wBR7801674
909 _a202311
_bLúcia
_c55
_dLúcia Elande
942 _2AGRIS
_n0
_cANA
999 _c98431
_d98431